000 00423nam a22001697a 4500
003 NUST - PNEC
005 20170116180908.0
008 150902b xxu||||| |||| 00| 0 eng d
020 _a-
040 _cLIBRARY
082 _a620.1126 KNO
100 _96816
_aKnott, J.F.
245 _aWorked examples in fratured mechanics
_cJ.F.Knott
260 _c1991
650 _96821
_aMechanical Engineering
_xME
942 _2ddc
_cBK
999 _c65167
_d65167